[Event "Bampada Balasore op 2nd"]
[Site "Bampada"]
[Date "2017.05.09"]
[Round "8"]
[White "Abijit, Mistry"]
[Black "Neelash, Saha"]
[Result "1-0"]
[WhiteElo "1740"]
[BlackElo "2191"]
[PlyCount "45"]
[EventDate "2017.05.05"]
[EventType "swiss"]
[EventRounds "9"]
[EventCountry "IND"]
[SourceTitle "CBM 178 Extra"]
[Source "ChessBase"]
[SourceDate "2017.06.22"]
[SourceVersion "1"]
[SourceVersionDate "2017.06.22"]
[SourceQuality "1"]

1. e4 e6 2. Nc3 d5 3. Nf3 Nf6 4. exd5 exd5 5. d4 c6 6. Bd3 Bd6 7. Qe2+ Qe7 8. Qxe7+ Kxe7 9. Bg5 h6 10. Bh4 Be6 11. 0-0-0 Nbd7 12. Rde1 Rae8 13. Ne5 g5 14. Bg3 Nh5 15. Nxf7 Nxg3 16. Nxh8 Nxh1 17. Ng6+ Kf6 18. Rxh1 Bf7 19. Ne5 Nxe5 20. dxe5+ Bxe5 21. Ne2 c5 22. c3 Bc7 23. Kd2 1-0